為什麼別人講一句就爆炸? : (Record no. 7673)

MARC details
000 -LEADER
fixed length control field 00872cam a2200265 i 4500
001 - CONTROL NUMBER
control field 1137634
003 - CONTROL NUMBER IDENTIFIER
control field YEEZEN
005 - DATE AND TIME OF LATEST TRANSACTION
control field 20250903140906.0
008 - FIXED-LENGTH DATA ELEMENTS--GENERAL INFORMATION
fixed length control field 240716s2024 ch g 000 0 chi d
020 ## - INTERNATIONAL STANDARD BOOK NUMBER
International Standard Book Number 9786263963146
Qualifying information (平裝) :
Terms of availability NT$380
040 ## - CATALOGING SOURCE
Original cataloging agency 靜宜
Language of cataloging chi
Description conventions CCR
Modifying agency PTTCL
Transcribing agency .
042 ## - AUTHENTICATION CODE
Authentication code nbic
084 ## - OTHER CLASSIFICATION NUMBER
Classification number 176.5
Number source ncsclt
090 ## - LOCALLY ASSIGNED LC-TYPE CALL NUMBER (OCLC); LOCAL CALL NUMBER (RLIN)
Classification number (OCLC) (R) ; Classification number, CALL (RLIN) (NR) 176.5
100 1# - MAIN ENTRY--PERSONAL NAME
Personal name 盧熠翎
245 10 - TITLE STATEMENT
Title 為什麼別人講一句就爆炸? :
Remainder of title 找到你的情緒觸動按鈕, 清理負面信念, 不再被綑綁的轉化練習 /
Statement of responsibility, etc. 盧熠翎著
246 1# - VARYING FORM OF TITLE
Title proper/short title 為什麼別人講1句就爆炸?
246 1# - VARYING FORM OF TITLE
Title proper/short title 找到你的情緒觸動按鈕, 清理負面信念, 不再被綑綁的轉化練習
250 ## - EDITION STATEMENT
Edition statement 初版
260 ## - PUBLICATION, DISTRIBUTION, ETC.
Place of publication, distribution, etc. 臺北市 :
Name of publisher, distributor, etc. 時報文化,
Date of publication, distribution, etc. 2024.06
300 ## - PHYSICAL DESCRIPTION
Extent 319 面 ;
Dimensions 21 公分
490 0# - SERIES STATEMENT
Series statement Learn ;
Volume/sequential designation 077.
650 #7 - SUBJECT ADDED ENTRY--TOPICAL TERM
Topical term or geographic name entry element 情緒管理
Source of heading or term lcstt.
942 ## - ADDED ENTRY ELEMENTS (KOHA)
Source of classification or shelving scheme 中文圖書分類法
Koha item type 一般圖書
Holdings
撤銷狀態 遺失狀態 分類號來源 損壞狀態 不外借 永久館藏地 現在館藏地 書架位置 採購日期 全部借出 完整索書號 條碼號 最後一次日期記錄 Date last checked out 一般價格有效日期 Koha館藏類型 公開資訊
未註銷館藏 未遺失 中文圖書分類法 未損毀 可外借 怡仁綜合醫院圖書館 怡仁綜合醫院圖書館   2025-09-03 2 176.5 C03259 2025-12-22 2025-12-09 2025-09-03 一般圖書 情緒反映的是我們的內在問題。我們會以為是我在生氣、我在焦慮,情緒就是我的展現,但情緒不是你,它是一種能量混合體,因為過往的習慣、外界的境遇、內在感知的強化,所形成的反應。
怡仁醫院| 地址:32643桃園市楊梅區楊新北路321巷30號 | 服務專線:03-4855566 | 電子郵件信箱:
Copyright © 1996 CHC Hospital